La force obligatoire du droit international en droit interne

Gespeichert in:
Bibliographische Detailangaben
1. Verfasser: Lardy, Pierre (VerfasserIn)
Format: Buch
Sprache:Französisch
Veröffentlicht: París Librairie Générale de Droit et de Jurisprudence 1966
Schriftenreihe:Bibliothèque de Droit International, 36
Schlagworte:
Tags: Tag hinzufügen
Keine Tags, Fügen Sie den ersten Tag hinzu!

MARC

LEADER 00000nam a2200000 a 4500
001 UCT9449
003 CL-VaPUC
008 970404e19660000FR |||||||||||||||||fre|d
082 0 4 |a 341.04  |b LAR  |2 21 
100 0 |a Lardy, Pierre  |e author  |9 382140 
245 1 3 |a La force obligatoire du droit international en droit interne 
300 |a 279 p 
942 |c BK 
945 |d 19970404 00:00:00  |a paguirre 
260 |a París  |b Librairie Générale de Droit et de Jurisprudence  |c 1966 
650 0 |a Derecho internacional  |9 255637 
650 0 |a Teoría del derecho  |9 255982 
650 0 |a Jurisprudencia  |9 255952 
650 0 |a Derecho comparado  |9 255664 
650 0 |a Tratados internacionales   |9 256056 
651 0 |a Francia  |9 255157 
583 |a last modification  |c 19970404 00:00:00  |k Rodrigo Vera 
490 0 |a Bibliothèque de Droit International, 36 
999 |c 257850  |d 257848 
952 |0 0  |1 0  |4 0  |6 341_040000000000000_LAR_1966  |7 0  |8 A  |9 281532  |a BIBDER  |b BIBDER  |d 2019-11-19  |i 1826077  |l 1  |m 2  |o 341.04 LAR 1966  |p 1826077  |q 2025-12-31  |r 2020-03-18  |s 2020-03-18  |w 2019-11-19  |y BK  |k DER